Name kpop song start with the letter “b” - Statistics

General Stats
  • This quiz has been taken 3 times
  • The average score is 4 of 15
Answer Stats
Hint Answer % Correct
Babymonster Batter up
67%
Enhypen Bite me
67%
Nct dream Boom
67%
Blackpink Boombayah
67%
Bigbang Bangbangbang
33%
Babymonster Billionaire
33%
New jeans Bubble gum
33%
Straykids Backdoor
0%
Red velvet Bad boy
0%
MissA Bad girl good girl
0%
Momoland Bboom bboom
0%
Treasure Beautiful
0%
Enhypen Billy poco
0%
Nct u Boss
0%
Ateez Bouncy
0%
No matching quizzes found
Score Distribution
Percent of People with Each Score
Percentile by Number Answered
Your Score History
You have not taken this quiz